[Event "La Plata Maderna Memorial"]
[Site "La Plata"]
[Date "2016.07.05"]
[Round "7.8"]
[White "Ryhr, Gustavo"]
[Black "Vernetti, Daniel"]
[Result "0-1"]
[WhiteElo "1848"]
[BlackElo "1701"]
[PlyCount "74"]
[EventDate "2016.06.14"]
[EventType "swiss"]
[EventRounds "7"]
[EventCountry "ARG"]
[SourceTitle "EXT 2024"]
[Source "ChessBase"]
[SourceDate "2023.10.10"]
[SourceVersion "1"]
[SourceVersionDate "2023.10.10"]
[SourceQuality "1"]

1. Nf3 Nf6 2. g3 d5 3. Bg2 Nbd7 4. 0-0 e6 5. d3 Bd6 6. Nbd2 0-0 7. c4 c6 8. b3 Re8 9. Qc2 Nf8 10. Bb2 e5 11. c5 Bc7 12. e4 Ng6 13. b4 Bd7 14. Rfe1 d4 15. Nc4 Qc8 16. Qe2 b5 17. Ncd2 Bg4 18. Qf1 a5 19. a3 Nh5 20. Kh1 Bd7 21. Ng1 Nf6 22. Ngf3 h5 23. Ng1 h4 24. Bh3 hxg3 25. hxg3 Ng4 26. Bxg4 Bxg4 27. f3 Be6 28. Ne2 f6 29. g4 Kf7 30. Kg1 Rh8 31. Qg2 Rh4 32. Nf1 Qh8 33. Red1 Qh7 34. Kf2 Rh3 35. Ke1 Rh1 36. Ng1 Nf4 37. Qd2 Rxg1 0-1